Le préhistorique (Record no. 160258)

MARC details
000 -LEADER
campo de control de longitud fija 00834nam a22002295i 4500
001 - NÚMERO DE CONTROL
campo de control 160258
003 - IDENTIFICADOR DE NÚMERO DE CONTROL
campo de control ES-MaACL
005 - FECHA Y HORA DE LA ÚLTIMA TRANSACCIÓN
campo de control 20230906211959.0
008 - DATOS DE LONGITUD FIJA--INFORMACIÓN GENERAL
campo de control de longitud fija 010223s1883 fr a |||| | fre d
040 ## - FUENTE DE CATALOGACIÓN
Centro catalogador/agencia de origen CCPB | B
Lengua de catalogación spa
Centro/agencia transcriptor CCPB | B
100 1# - ENTRADA PRINCIPAL--NOMBRE DE PERSONA
Nombre de persona Mortillet, Gabriel de.
9 (RLIN) 130226
245 13 - MENCIÓN DEL TÍTULO
Título Le préhistorique
Resto del título : antiquité de l'homme /
Mención de responsabilidad, etc. par Gabriel de Mortillet.
260 ## - PUBLICACIÓN, DISTRIBUCIÓN, ETC.
Lugar de publicación, distribución, etc. Paris :
Nombre del editor, distribuidor, etc. C. Reinwald, libraire-éditeur,
Fecha de publicación, distribución, etc. 1883 (
Fabricante Typographie A. Hennuyer)
300 ## - DESCRIPCIÓN FÍSICA
Extensión 642 p. :
Otras características físicas il. ;
Dimensiones 19 cm.
490 1# - MENCIÓN DE SERIE
Mención de serie Bibliothèque des sciences contemporaines ;
Designación de volumen o secuencia 8
599 #1 - NOTA A LAS ILUSTRACIONES
NOTA A LAS ILUSTRACIONES Las il. son de restos arqueológicos.
650 #4 - PUNTO DE ACCESO ADICIONAL DE MATERIA--TÉRMINO DE MATERIA
Término de materia o nombre geográfico como elemento de entrada Prehistoria.
9 (RLIN) 16343
752 ## - ENTRADA AGREGADA--NOMBRE JERÁRQUICO DEL LUGAR
País o entidad superior Francia -
Ciudad París
830 0# - PUNTO DE ACCESO ADICIONAL DE SERIE-TÍTULO UNIFORME
Título uniforme Bibliothèque des sciences contemporaines ;
Designación de volumen o secuencia 8
9 (RLIN) 182450
852 ## - LOCALIZACIÓN
Ubicación ES-MaACL
Número de control de estantería F-13385
Nota libre -- Enc. tela
Holdings
Estatus retirado Estado de pérdida Estado de daño No para préstamo Colección Biblioteca de origen Biblioteca actual Ubicación en estantería Fecha de adquisición Fuente de adquisición Total de préstamos Signatura topográfica completa Código de barras Visto por última vez Precio de reemplazo Tipo de ítem Koha
        Libros del s. XIX Biblioteca del Ateneo de Madrid Biblioteca del Ateneo de Madrid Sala Pecera Planta 2 17/01/2008     F-13385 1167802 23/02/2023 23/02/2023 Libro impreso antiguo